| 000 | 00492nam a2200169Ia 4500 | ||
|---|---|---|---|
| 008 | 210210b1974 xxu||||| |||| 00| 0 eng d | ||
| 020 | _a07 096411 4 | ||
| 082 | _a304.6 FAMS | ||
| 100 | _aFAMILY PLANNING FOUNDATION BOOK. | ||
| 245 | _aStatus study on population research in India: Vol 2. Demography. | ||
| 260 |
_aNew Delhi. _bTata McGraw-Hill Publishing Company Ltd. _c1974 |
||
| 300 | _axxii,265 | ||
| 440 | _a2 | ||
| 650 | _aDemography | ||
| 690 | _aPopulation | ||
| 906 | _aSG01658 | ||
| 999 |
_c113077 _d113077 |
||